• 首页
  • 本馆介绍
  • 公告通知
  • 最新文献
  • 馆藏检索
  • 电子资源
  • 读者导购
  • 参考咨询
  • 我的图书馆
  • 登录
  • 详细信息显示
  • 放入我的书架
  • 预约/预借图书
  • 作者相关作品
  • 分类相关作品
  • 丛书相关作品
  • 出版社相关作品

书目信息

  • 表格格式
  • 工作单格式
  • 卡片格式
题名:
机载高分辨率对地观测系统位置姿态测量技术
    
 
作者: 李建利 , 宫晓琳 , 刘占超 编著
分册:  
出版信息: 北京   国防工业出版社  2021.07
页数: XII, 253页, 16页图版
开本: 24cm
丛书名: 高分辨率对地观测前沿技术丛书
单 册:
中图分类: TP72 , TP7
科图分类:
主题词: 高分辨率--gao fen bian lv--航空遥感--遥感技术 , 遥感技术
电子资源:
ISBN: 978-7-118-12291-6
000 01700nam 2200337 450
001 2259809803
005 20220916163749.46
010    @a978-7-118-12291-6@b精装@dCNY138.00
100    @a20220301d2021 em y0chiy50 ea
101 0  @achi
102    @aCN@b110000
105    @aaf a 000yy
200 1  @a机载高分辨率对地观测系统位置姿态测量技术@Aji zai gao fen bian lv dui di guan ce xi tong wei zhi zi tai ce liang ji shu@f李建利, 宫晓琳, 刘占超等编著
210    @a北京@c国防工业出版社@d2021.07
215    @aXII, 253页, 16页图版@c图@d24cm
225 2  @a高分辨率对地观测前沿技术丛书@Agao fen bian lv dui di guan ce qian yan ji shu cong shu
300    @a国家出版基金项目 “十三五”国家重点出版物出版规划项目
312    @a英文题名取自封面
320    @a有书目 (第243-253页)
330    @a本书在国内外惯性/卫星组合导航技术研究基础上, 汇聚北京航空航天大学在机载位置姿态系统的研究成果编著而成, 系统地介绍了机载位置姿态系统的关键技术。本书主要内容包括机载位置姿态系统概述 ; 讲述了机载位置姿态系统工作原理 ; 阐述了机载位置姿态系统用捷联惯性导航技术 ; 介绍了机载位置姿态系统初始对准技术 ; 分析了机载位置姿态系统实时组合估计技术 ; 概述了机载位置姿态系统高精度事后估计技术以及机载位置姿态系统在高分航空遥感中应用。
410  0 @12001 @a高分辨率对地观测前沿技术丛书
510 1  @aPosition and crientation measurement technology of airborne high-resolution earth observation tystem@zeng
606 0  @a高分辨率@Agao fen bian lv@x航空遥感@x遥感技术
606 0  @a遥感技术
690    @aTP72@v5
690    @aTP7@v4
701  0 @a李建利@Ali jian li@4编著
701  0 @a宫晓琳@Agong xiao lin@4编著
701  0 @a刘占超@Aliu zhan chao@4编著
801  0 @aCN@b人天书店@c20220301
905    @aZUCC@dTP7@e3
    
    机载高分辨率对地观测系统位置姿态测量技术/李建利, 宫晓琳, 刘占超等编著.-北京:国防工业出版社,2021.07
    XII, 253页, 16页图版:图;24cm.-(高分辨率对地观测前沿技术丛书)
    国家出版基金项目 “十三五”国家重点出版物出版规划项目
    
    ISBN 978-7-118-12291-6(精装):CNY138.00
    本书在国内外惯性/卫星组合导航技术研究基础上, 汇聚北京航空航天大学在机载位置姿态系统的研究成果编著而成, 系统地介绍了机载位置姿态系统的关键技术。本书主要内容包括机载位置姿态系统概述 ; 讲述了机载位置姿态系统工作原理 ; 阐述了机载位置姿态系统用捷联惯性导航技术 ; 介绍了机载位置姿态系统初始对准技术 ; 分析了机载位置姿态系统实时组合估计技术 ; 概述了机载位置姿态系统高精度事后估计技术以及机载位置姿态系统在高分航空遥感中应用。
●
相关链接 在五车中查询图书 在当当中查询图书 在豆瓣中查询图书


正题名:机载高分辨率对地观测系统位置姿态测量技术     索取号:TP7/3         预约/预借

序号 登录号 条形码 馆藏地/架位号 状态 备注
1 2000894946   2000894946   第三书库/ [索取号:TP7/3] 在馆    
2 2000894947   2000894947   第三书库/ [索取号:TP7/3] 在馆    
3 2000894948   2000894948   第三书库/ [索取号:TP7/3] 在馆    
山东省滨州职业学院图书馆 欢迎您!
大连网信软件有限公司© 版权所有